Zlaté medaily SZŽ umelcom

Bibliographic Details
Main Author: Ťapajová, Elena, 1944-2023 (Author)
Format: Article
Language:Slovak
Subjects:

MARC

LEADER 00000nab a2200000 a 4500
001 vtls000114836
003 SK-MaSNL
005 20260303201837.0
008 160215c1982 xo 0 slo
015 |a SNBRB19rr/mm-uuuuu 
035 |a CL0124940 
040 |a SNKBUCL  |b slo  |c SNKBUCL  |e AACR2 
041 0 |a slo 
044 |a xo  |c SK 
080 |a 82:929:885.4  |2 1981 
080 |a 885.4  |2 1981 
080 |a 929 Tánska, Nataša  |2 1981 
080 |a 929 Zelinová, Hana  |2 1981 
100 1 |a Ťapajová, Elena,  |d 1944-2023  |4 aut  |9 5234 
245 1 0 |a Zlaté medaily SZŽ umelcom  |c E. Ťapajová 
600 1 7 |a Zelinová, Hana,  |d 1914-2004  |2 snkbucl  |9 101300 
600 1 7 |a Tanská, Nataša,  |d 1929-2014  |2 snkbucl  |9 158275 
655 7 |a články z novín a časopisov  |2 snkbucl  |9 267496 
655 7 |a články z odboru literárna veda a krásna literatúra  |2 snkbucl  |9 770045 
773 0 |t Slovenka  |g Roč. 34, č. 13 (1982), s. 14-15 
850 |a Slovenská národná knižnica v Martine  |a MTA001 
852 |a SNK  |b KIS3GCP 
958 |a BX 
958 |a RK 
958 |a LX 
992 |a RBX 
999 |c 2176552  |d 2178482